| 000 | 00549nam a2200217Ia 4500 | ||
|---|---|---|---|
| 008 | 180523s9999 xx 000 0 und d | ||
| 020 | _a0-07-120234-X | ||
| 050 | _aMAIN HF 5415 | ||
| 050 | _b.E89 2001 | ||
| 100 | _aEtzel, Michael J. | ||
| 245 | 0 | _aMarketing / | |
| 245 | 0 | _cMichael J. Etzel, Bruce J. Walker, William J. Stanton. | |
| 250 | _a12th Edition | ||
| 260 | _aNew York : | ||
| 260 | _bMcGraw-Hill, | ||
| 260 | _c2001 | ||
| 300 | _a674 pages : | ||
| 300 | _billustrations ; | ||
| 300 | _c26 cm. | ||
| 500 | _aIncludes index. | ||
| 999 |
_c357039 _d357039 |
||